| 000 | 06994nam a22009495i 4500 | ||
|---|---|---|---|
| 005 | 20230718140246.0 | ||
| 006 | m|||||o||d|||||||| | ||
| 007 | cr || |||||||| | ||
| 008 | 221201t20142011gw fo d z eng d | ||
| 020 | _a9783839415962 | ||
| 040 |
_aDE-B1597 _beng _cDE-B1597 _erda |
||
| 041 | 0 | _aeng | |
| 050 | 4 | _aGV1783 .K384 2014 | |
| 082 | 0 | 4 | _a792.62 |
| 245 | 0 | 0 |
_aEmerging Bodies : _bThe Performance of Worldmaking in Dance and Choreography / _ced. by Sandra Noeth, Gabriele Klein. |
| 250 | _a1. Aufl. | ||
| 264 | 1 |
_aBielefeld : _btranscript Verlag, _c[2014] |
|
| 264 | 4 | _c©2011 | |
| 300 | _a1 online resource (264 p.) | ||
| 336 |
_atext _btxt _2rdacontent |
||
| 337 |
_acomputer _bc _2rdamedia |
||
| 338 |
_aonline resource _bcr _2rdacarrier |
||
| 347 |
_atext file _bPDF _2rda |
||
| 490 | 0 |
_aTanzScripte ; _v21 |
|
| 505 | 0 | 0 |
_tFrontmatter -- _tContents -- _tIntroduction -- _tSOCIAL REALMS -- _tDancing Politics: Worldmaking in Dance and Choreography -- _tBetween Intervention and Utopia: Dance Politics -- _tDance and Work: The Aesthetic and Political Potential of Dance -- _tThe Collective That Isn't One -- _tHYBRID SPHERES -- _tJérôme Bel and Myself: Gender and Intercultural Collaboration -- _tTransnationalism and Contemporary African Dance: Faustin Linyekula -- _tFlee(t)ing Dances! Initiatives for the Preservation and Communication of Intangible World Heritage in Museums -- _tThe Bluff of Contemporary Dance -- _tART WORLDS -- _tTranscription - Materiality - Signature. Dancing and Writing between Resistance and Excess -- _tAutobiography and the Coulisses: Narrator, Dancer, Spectator -- _tDance Images. Dance Films as an Example of the Representation and Production of Movement -- _tAgainst the Beat. Music, Dance and the Image in Michelangelo Antonioni's Blow-Up -- _tDIGITAL WORLDS - PROCESSING BODIES -- _tGesture Capture: Paradigms in Interactive Music/ Dance Systems -- _tTables of Weights and Measures: Architecture and the Synchronous Objects Project -- _tSynchronous Objects, Choreographic Objects, and the Translation of Dancing Ideas -- _tWORKING PRINCIPLES -- _tCommunicating, Distilling, Catalyzing. On the Creation of Dance Congress Worlds -- _tSituational Worlds. Complicity as a Model of Collaboration -- _tProtocols of Encounter: On Dance Dramaturgy -- _tNotes on Contributors -- _tBackmatter |
| 506 | 0 |
_funrestricted online access _2star |
|
| 520 | _aThe concept of »worldmaking« is based on the idea that 'the world' is not given, but rather produced through language, actions, ideas and perception. This collection of essays takes a closer look at various hybrid and disparate worlds related to dance and choreography. Coming from a broad range of different backgrounds and disciplines, the authors inquire into the ways of producing 'dance worlds': through artistic practice, discourse and media, choreographic form and dance material.The essays in this volume critically reflect the predominant topos of dance as something fleeting and ephemeral - an embodiment of the Other in modernity. Moreover, they demonstrate that there is more than just one universal »world of dance«, but rather a multitude of interrelated dance worlds with more emerging every day. | ||
| 536 | _afunded by Knowledge Unlatched - KU Select 2016: Backlist Collection | ||
| 538 | _aMode of access: Internet via World Wide Web. | ||
| 540 |
_aThis eBook is made available Open Access under a CC BY-NC-ND 3.0 license: _uhttps://creativecommons.org/licenses/by-nc-nd/3.0 _uhttps://www.degruyter.com/dg/page/open-access-policy |
||
| 546 | _aIn English. | ||
| 588 | 0 | _aDescription based on online resource; title from PDF title page (publisher's Web site, viewed 01. Dez 2022) | |
| 650 | 4 | _aArts. | |
| 650 | 4 | _aBody. | |
| 650 | 4 | _aChoreography. | |
| 650 | 4 | _aCultural Theory. | |
| 650 | 4 | _aGender. | |
| 650 | 4 | _aImagination. | |
| 650 | 4 | _aInterculturalitity. | |
| 650 | 4 | _aMedia. | |
| 650 | 4 | _aPsychoanalysis. | |
| 650 | 4 | _aTheatre Studies. | |
| 650 | 7 |
_aPERFORMING ARTS / Dance / General. _2bisacsh |
|
| 653 | _aArts. | ||
| 653 | _aBody. | ||
| 653 | _aChoreography. | ||
| 653 | _aCultural Theory. | ||
| 653 | _aGender. | ||
| 653 | _aImagination. | ||
| 653 | _aInterculturalitity. | ||
| 653 | _aMedia. | ||
| 653 | _aPsychoanalysis. | ||
| 653 | _aTheatre Studies. | ||
| 700 | 1 |
_aBevilacqua, Frédéric, _econtributor. _4ctb _4https://id.loc.gov/vocabulary/relators/ctb |
|
| 700 | 1 |
_aBrandstetter, Gabriele, _econtributor. _4ctb _4https://id.loc.gov/vocabulary/relators/ctb |
|
| 700 | 1 |
_aDiers, Michael, _econtributor. _4ctb _4https://id.loc.gov/vocabulary/relators/ctb |
|
| 700 | 1 |
_aFdili Alaoui, Sarah, _econtributor. _4ctb _4https://id.loc.gov/vocabulary/relators/ctb |
|
| 700 | 1 |
_aGehm, Sabine, _econtributor. _4ctb _4https://id.loc.gov/vocabulary/relators/ctb |
|
| 700 | 1 |
_aGintersdorfer, Monika, _econtributor. _4ctb _4https://id.loc.gov/vocabulary/relators/ctb |
|
| 700 | 1 |
_aHickethier, Knut, _econtributor. _4ctb _4https://id.loc.gov/vocabulary/relators/ctb |
|
| 700 | 1 |
_aKlein, Gabriele, _econtributor. _4ctb _4https://id.loc.gov/vocabulary/relators/ctb |
|
| 700 | 1 |
_aKlein, Gabriele, _eeditor. _4edt _4http://id.loc.gov/vocabulary/relators/edt |
|
| 700 | 1 |
_aKunst, Bojana, _econtributor. _4ctb _4https://id.loc.gov/vocabulary/relators/ctb |
|
| 700 | 1 |
_aLeigh Foster, Susan, _econtributor. _4ctb _4https://id.loc.gov/vocabulary/relators/ctb |
|
| 700 | 1 |
_aMartin, Randy, _econtributor. _4ctb _4https://id.loc.gov/vocabulary/relators/ctb |
|
| 700 | 1 |
_aNoeth, Sandra, _econtributor. _4ctb _4https://id.loc.gov/vocabulary/relators/ctb |
|
| 700 | 1 |
_aNoeth, Sandra, _eeditor. _4edt _4http://id.loc.gov/vocabulary/relators/edt |
|
| 700 | 1 |
_aRein, Anette, _econtributor. _4ctb _4https://id.loc.gov/vocabulary/relators/ctb |
|
| 700 | 1 |
_aSchnell, Norbert, _econtributor. _4ctb _4https://id.loc.gov/vocabulary/relators/ctb |
|
| 700 | 1 |
_aSörgel, Sabine, _econtributor. _4ctb _4https://id.loc.gov/vocabulary/relators/ctb |
|
| 700 | 1 |
_aTownsend, Julie, _econtributor. _4ctb _4https://id.loc.gov/vocabulary/relators/ctb |
|
| 700 | 1 |
_aTurk, Stephen, _econtributor. _4ctb _4https://id.loc.gov/vocabulary/relators/ctb |
|
| 700 | 1 |
_aWilcke, Katharina Von, _econtributor. _4ctb _4https://id.loc.gov/vocabulary/relators/ctb |
|
| 700 | 1 |
_aZiemer, Gesa, _econtributor. _4ctb _4https://id.loc.gov/vocabulary/relators/ctb |
|
| 700 | 1 |
_aZuniga Shaw, Norah, _econtributor. _4ctb _4https://id.loc.gov/vocabulary/relators/ctb |
|
| 710 | 2 |
_aKnowledge Unlatched - KU Select 2016: Backlist Collection _efunder. _4fnd _4http://id.loc.gov/vocabulary/relators/fnd |
|
| 776 | 0 |
_cprint _z9783837615968 |
|
| 856 | 4 | 0 |
_uhttps://doi.org/10.1515/transcript.9783839415962?locatt=mode:legacy _zOpen Access _70 |
| 856 | 4 | 0 |
_uhttps://www.degruyter.com/isbn/9783839415962 _zOpen Access _70 |
| 856 | 4 | 2 |
_3Cover _uhttps://www.degruyter.com/document/cover/isbn/9783839415962/original |
| 942 | _cE-BOOK | ||
| 999 |
_c69787 _d69786 |
||